000 00385nam a2200133Ia 4500
008 151001s9999||||xx |||||||||||||| ||und||
100 _aअ कृ देशपांडे
245 _aमृत्युनंतरचे जीवन
250 _a2
260 _bअंजली प्रकाशन पुणे
260 _c1987
300 _a298
365 _b18
999 _c977659
_d977656